000 00806cam a2200241 a 4500
001 4835557
005 20180109074323.0
008 900608s1991 nyua b 001 0 eng
010 _a 90041092
020 _a0275937518 (pbk. : alk. paper)
020 _a0275935205 (hb. : alk. paper)
040 _aDLC
_cDLC
_dDLC
041 _aeng
080 _a338.9 VAL
082 0 0 _a338.9 VAL
_220
100 2 _a52
101 _aEKO
245 1 0 _aRegional and local economic analysis for practitioners /
_cAvrom Bendavid-Val.
504 _aIncludes bibliographical references (p. [225]-231) and index.
906 _a7
_bcbc
_corignew
_d1
_eocip
_f19
_gy-gencatlg
942 _2ddc
_cBK
999 _c39922
_d39922